Loading...
| Science - Biology | 0 | 5 | 0 | 1 | 50 | 22 | 62.20 | 1 | 2 | 18.90 | 26.79 |
| Literature - European | 0 | 4 | 0 | 0 | 40 | 44 | 88.50 | 1 | 1 | 9.88 | 19.11 |
| Fine Arts - Other | 0 | 3 | 0 | 0 | 30 | 41 | 87.00 | 1 | 2 | 6.88 | 14.64 |
| Fine Arts - Classical Music | 0 | 2 | 0 | 0 | 20 | 12 | 33.00 | 1 | 2 | 13.97 | 18.57 |
| Literature - British | 0 | 2 | 0 | 1 | 20 | 75 | 80.50 | 0 | 0 | 4.46 | 6.67 |
| Science - Physics | 0 | 1 | 0 | 0 | 10 | 65 | 65.00 | 0 | 0 | 3.63 | 5.00 |
| Mythology | 0 | 1 | 0 | 0 | 10 | 70 | 70.00 | 1 | 1 | 3.91 | 8.57 |
| Science - Chemistry | 0 | 1 | 0 | 1 | 10 | 94 | 94.00 | 0 | 0 | 1.21 | 2.50 |
| Literature - American | 0 | 1 | 0 | 1 | 10 | 50 | 50.00 | 0 | 1 | 11.07 | 17.50 |
| History - Other | 0 | 0 | 1 | 0 | -5 | 0.00 | 0 | 0 | 0.00 | 0.00 | |
| History - European | 0 | 0 | 1 | 0 | -5 | 0.00 | 0 | 0 | 0.00 | 0.00 |